Homophones - Statistics

General Stats
  • This quiz has been taken 63 times
  • The average score is 14 of 15
Answer Stats
Hint Answer % Correct
Flower Flour
100%
Hi High
98%
Bare Bear
97%
Brake Break
97%
Two Too
97%
Die Dye
95%
Main Mane
94%
Cell Sell
94%
You're Your
94%
Rain Reign
90%
One Won
90%
Whey Way
89%
Right Write
87%
Toe Tow
85%
Choose Chews
68%
No matching quizzes found
Score Distribution
Percent of People with Each Score
Percentile by Number Answered
Your Score History
You have not taken this quiz